Statistics for Top 20 Players ever to put on a Wizards jersey

Click here to take the quiz!

General Stats

  • This quiz has been taken 7 times
  • The average score is 10 of 20

Answer Stats

RankPlayer% Correct
16John Wall
100%
1Michael Jordan
100%
8Wes Unseld
100%
20Bradley Beal
83%
4Russell Westbrook
83%
6Elvin Hayes
67%
19Gilbert Arenas
67%
7Bernard King
50%
11Earl Monroe
50%
2Moses Malone
50%
5Paul Pierce
50%
3Dwight Howard
33%
18Gus Williams
33%
10Ben Wallace
17%
9Chris Webber
17%
14Isaiah Thomas
17%
12Mitch Richmond
17%
17Walt Bellamy
17%
13Dave Bing
0%
15Mark Price
0%

Score Distribution

Percentile by Number Answered

Percent of People with Each Score

Your Score History

You have not taken this quiz